000 00816nam a2200241Ia 4500
003 OSt
005 20240729104533.0
008 210716s2013 xx 000 0 und d
020 _a9788120785199
040 _cAIMIT LIBRARY
041 _aeng
082 _a374.22
_21
_bSHAK
100 _aShashidharan, K P.
_9174316
245 _aBig business India guru :
_bknow how to do business in India /
_cBy K P Shashidharan and Sunil Kumar Gupta.
250 _a1st ed.
260 _aNew Delhi ;
_bSterling Publishers Private Ltd ,
_c2013.
300 _axvi,288p. ;
_bPB
_c23.5 cm
650 _aIndia -essential informatics
_9174317
650 _aBusiness entities and their restructuring
_9174318
650 _aTaxation in India
_9174319
700 _aGupta, Sunil Kumar.
_9174320
942 _2ddc
_cBK
_e1st
_k374.22 SHAK
999 _c208627
_d208627